|
|
|
|
| LEADER |
00768nam a2200205 a 4500 |
| 008 |
091122s1997 enka 000 0 eng d |
| 020 |
|
|
|a 0135680808
|
| 040 |
|
|
|a DLC
|c DLC
|d Uk
|
| 082 |
0 |
0 |
|a 330
|2 21
|
| 100 |
1 |
|
|a Sloman, John,
|d 1947-
|
| 245 |
1 |
0 |
|a Economics :
|b student workbook and reader /
|c John Sloman, Mark Sutcliffe.
|
| 250 |
|
|
|a 3rd ed.
|
| 260 |
|
|
|a London :
|b Prentice Hall,
|c 1997.
|
| 300 |
|
|
|a viii, 317 p. :
|b ill. ;
|c 25 cm.
|
| 541 |
1 |
|
|e 00010463
|
| 650 |
|
0 |
|a Economics.
|
| 700 |
1 |
|
|a Sutcliffe, Mark.
|
| 852 |
4 |
|
|a Ayesha Abed Library
|j General shelf
|
| 999 |
|
|
|c 5784
|d 5784
|
| 952 |
|
|
|0 0
|1 0
|2 ddc
|4 0
|6 330_SLO
|7 0
|9 5733
|a BRACUL
|b BRACUL
|c GEN
|d 2009-11-22
|g 0.00
|l 10
|m 58
|o 330 SLO
|p 3010010463
|r 2019-12-24
|s 2019-11-12
|t 1
|w 2009-11-22
|y BK
|x No price found in the accession register.
|